[Event "Terre degli Elimi op 7th"]
[Site "Erice"]
[Date "2016.07.31"]
[Round "4"]
[White "Campo, Renato"]
[Black "Iannello, Andrea"]
[Result "1/2-1/2"]
[WhiteElo "1979"]
[BlackElo "2033"]
[PlyCount "54"]
[EventDate "2016.07.28"]
[EventType "swiss"]
[EventRounds "9"]
[EventCountry "ITA"]
[SourceTitle "EXT 2017"]
[Source "ChessBase"]
[SourceDate "2016.10.25"]
[SourceVersion "1"]
[SourceVersionDate "2016.10.25"]
[SourceQuality "1"]

1. e4 c5 2. Be2 d6 3. f4 g6 4. Nf3 Bg7 5. d3 e6 6. c3 Ne7 7. Be3 Nbc6 8. 0-0 0-0 9. Nbd2 a6 10. d4 cxd4 11. Nxd4 d5 12. e5 Bd7 13. N2f3 Rc8 14. Kh1 f6 15. exf6 Bxf6 16. Ng5 Nxd4 17. Bxd4 Nf5 18. Bxf6 Qxf6 19. Qd2 Nd6 20. Qe3 h6 21. Nh3 Bb5 22. Bxb5 axb5 23. Nf2 Nc4 24. Qh3 Qxf4 25. Qxe6+ Qf7 26. Qxf7+ Rxf7 27. Nd3 Re8 1/2-1/2

[Event "Terre degli Elimi op 7th"]
[Site "Erice"]
[Date "2016.07.30"]
[Round "3"]
[White "Wieringa, Helmer"]
[Black "Campo, Renato"]
[Result "1/2-1/2"]
[WhiteElo "1950"]
[BlackElo "1979"]
[PlyCount "88"]
[EventDate "2016.07.28"]
[EventType "swiss"]
[EventRounds "9"]
[EventCountry "ITA"]
[SourceTitle "EXT 2017"]
[Source "ChessBase"]
[SourceDate "2016.10.25"]
[SourceVersion "1"]
[SourceVersionDate "2016.10.25"]
[SourceQuality "1"]

1. e4 e6 2. d3 d5 3. Nd2 c5 4. f4 Nc6 5. Ngf3 Be7 6. g3 Nf6 7. h3 b6 8. e5 Nh5 9. Kf2 g6 10. Bg2 Bb7 11. c3 Qc7 12. a3 Ng7 13. Nf1 h5 14. Bd2 d4 15. c4 Nf5 16. h4 Rd8 17. Qe2 a6 18. Ng5 Bxg5 19. hxg5 h4 20. g4 Ne3 21. Nxe3 dxe3+ 22. Bxe3 Nd4 23. Bxd4 Rxd4 24. Qe3 Bxg2 25. Kxg2 Qc6+ 26. Kh3 Ke7 27. Rh2 Rhd8 28. Rd2 b5 29. b3 a5 30. Rad1 a4 31. bxa4 bxc4 32. dxc4 Rxd2 33. Rxd2 Qh1+ 34. Rh2 Qf1+ 35. Kxh4 Rd4 36. Rd2 Qxc4 37. Rxd4 cxd4 38. Qe4 Qxa4 39. Qd3 Qd7 40. Kg3 Qd5 41. Kf2 Qa2+ 42. Ke1 Qa1+ 43. Ke2 Qa2+ 44. Kf3 Qd5+ 1/2-1/2

[Event "Terre degli Elimi op 7th"]
[Site "Erice"]
[Date "2016.07.29"]
[Round "2"]
[White "Campo, Renato"]
[Black "Ljubisavljevic, Zivojin Z"]
[Result "0-1"]
[WhiteElo "1979"]
[BlackElo "2136"]
[PlyCount "54"]
[EventDate "2016.07.28"]
[EventType "swiss"]
[EventRounds "9"]
[EventCountry "ITA"]
[SourceTitle "EXT 2017"]
[Source "ChessBase"]
[SourceDate "2016.10.25"]
[SourceVersion "1"]
[SourceVersionDate "2016.10.25"]
[SourceQuality "1"]

1. e4 e6 2. Qe2 c5 3. d3 Nc6 4. Nf3 Nf6 5. g3 d5 6. e5 Nd7 7. c3 b6 8. Bg2 Be7 9. 0-0 g5 10. Na3 g4 11. Ne1 Ndxe5 12. f4 gxf3 13. Nxf3 Ng6 14. Bh6 Qd7 15. c4 d4 16. Bg7 Rg8 17. Ne5 Ngxe5 18. Bxe5 Bb7 19. Nb5 Rc8 20. Bd6 Bxd6 21. Rxf7 Kxf7 22. Qh5+ Kg7 23. Be4 Kh8 24. Nxd6 Rcf8 25. Rf1 Rxf1+ 26. Kxf1 Rf8+ 27. Kg1 Qg7 0-1

[Event "Terre degli Elimi op 6th"]
[Site "Erice"]
[Date "2015.08.02"]
[Round "7"]
[White "Campo, Renato"]
[Black "Bonoo, Iwan"]
[Result "1-0"]
[WhiteElo "1993"]
[BlackElo "1930"]
[PlyCount "65"]
[EventDate "2015.07.28"]
[EventType "swiss"]
[EventRounds "9"]
[EventCountry "ITA"]
[SourceTitle "EXT 2017"]
[Source "ChessBase"]
[SourceDate "2016.10.25"]
[SourceVersion "1"]
[SourceVersionDate "2016.10.25"]
[SourceQuality "1"]

1. e4 c5 2. c3 d5 3. exd5 Qxd5 4. d4 Nc6 5. Nf3 Nf6 6. Na3 a6 7. Bc4 Qe4+ 8. Be3 e6 9. dxc5 Bxc5 10. Bd3 Qd5 11. Bxc5 Qxc5 12. 0-0 0-0 13. Nc2 e5 14. Re1 Re8 15. Nd2 Bg4 16. Be2 Bf5 17. Ne3 Bg6 18. Nb3 Qa7 19. Qd6 Ne4 20. Qa3 f5 21. Bf3 Nf6 22. Nd5 e4 23. Nxf6+ gxf6 24. Be2 Ne5 25. Qc5 b6 26. Qd6 Kg7 27. Nd4 Re7 28. h4 Nf7 29. Qg3 f4 30. Qxf4 Nh6 31. Bc4 f5 32. Ne6+ Kh8 33. Qxh6 1-0

[Event "Terre degli Elimi op 5th"]
[Site "Erice"]
[Date "2014.07.23"]
[Round "7"]
[White "Aranaz Portugues, Jose Carlos"]
[Black "Campo, Renato"]
[Result "1-0"]
[WhiteElo "2096"]
[BlackElo "1992"]
[PlyCount "67"]
[EventDate "2014.07.19"]
[EventType "swiss"]
[EventRounds "9"]
[EventCountry "ITA"]
[SourceTitle "CBM 161 Extra"]
[Source "ChessBase"]
[SourceDate "2014.08.29"]
[SourceVersion "1"]
[SourceVersionDate "2014.08.29"]
[SourceQuality "1"]

1. d4 g6 2. e4 Bg7 3. Nc3 c5 4. Nf3 cxd4 5. Nxd4 Nc6 6. Be3 Nf6 7. Bc4 Ng4 8. Nxc6 Nxe3 9. Nxd8 Nxd1 10. Rxd1 Bxc3+ 11. bxc3 Kxd8 12. Bxf7 d6 13. Bd5 Kc7 14. Rb1 e6 15. Bb3 Bd7 16. 0-0 b5 17. c4 b4 18. c3 Rab8 19. Rbc1 a5 20. cxb4 Rxb4 21. c5 Rxe4 22. cxd6+ Kxd6 23. Rfd1+ Ke7 24. Rc7 Rd8 25. Bc4 Re5 26. f4 Rf5 27. g4 Rf7 28. Kg2 Ke8 29. Kg3 Re7 30. Kh4 Rb8 31. Rd2 a4 32. a3 Bb5 33. Rxe7+ Kxe7 34. Rb2 1-0

[Event "Terre degli Elimi op 3rd"]
[Site "Erice"]
[Date "2012.07.28"]
[Round "4"]
[White "Campo, Renato"]
[Black "Bifulco, Michel"]
[Result "0-1"]
[WhiteElo "2000"]
[BlackElo "2040"]
[PlyCount "38"]
[EventDate "2012.07.25"]
[EventType "swiss"]
[EventRounds "7"]
[EventCountry "ITA"]
[SourceTitle "EXT 2013"]
[Source "ChessBase"]
[SourceDate "2012.11.22"]
[SourceVersion "1"]
[SourceVersionDate "2012.11.22"]
[SourceQuality "1"]

1. e4 e6 2. d4 d5 3. Nc3 Bb4 4. exd5 exd5 5. a3 Ba5 6. Qf3 Ne7 7. Bd3 Nbc6 8. Nge2 Be6 9. Be3 Qd7 10. 0-0 Bg4 11. Qg3 0-0-0 12. h3 Bf5 13. Nf4 h5 14. Na4 Bb6 15. Nxb6+ axb6 16. a4 g5 17. Qxg5 Rdg8 18. Bxf5 Nxf5 19. Qf6 Rh6 0-1

[Event "Sicilia Regional-ch"]
[Site "Marsala"]
[Date "2011.06.02"]
[Round "2"]
[White "Campo, Renato"]
[Black "Oddo, Salvatore"]
[Result "1-0"]
[WhiteElo "1984"]
[BlackElo "1644"]
[PlyCount "101"]
[EventDate "2011.06.01"]
[EventType "swiss"]
[EventRounds "7"]
[EventCountry "ITA"]
[SourceTitle "EXT 2023"]
[Source "ChessBase"]
[SourceDate "2022.10.05"]
[SourceVersion "1"]
[SourceVersionDate "2022.10.05"]
[SourceQuality "1"]

1. e4 d6 2. d4 Nd7 3. Nf3 e5 4. Nc3 Ngf6 5. g4 h6 6. Rg1 Nh7 7. Bc4 c6 8. g5 hxg5 9. Bxg5 Nhf6 10. Qe2 Qb6 11. 0-0-0 Qc7 12. Bb3 b5 13. d5 Ba6 14. dxc6 Qxc6 15. Nd5 Rc8 16. Nb4 Qb6 17. Be3 Nc5 18. Kb1 Bb7 19. Ng5 Rc7 20. Nd5 Nxd5 21. Bxd5 Bxd5 22. Rxd5 a5 23. Qf3 Qb7 24. Qf5 Rh6 25. Bxc5 Rf6 26. Qg4 Rxc5 27. f3 Rg6 28. h4 Be7 29. Qh5 Bxg5 30. Qh8+ Ke7 31. Rxc5 dxc5 32. hxg5 Qd7 33. Qb8 Rxg5 34. Rc1 f6 35. Qb6 c4 36. Qxa5 Rg3 37. Qc3 Qh3 38. Qb4+ Kf7 39. Qxb5 c3 40. Qc4+ Kg6 41. Qxc3 Rxf3 42. Qc6 Rf1 43. b3 Rxc1+ 44. Kxc1 Qe3+ 45. Kb2 Qd4+ 46. Ka3 Kg5 47. c4 Qa7+ 48. Kb4 Qxa2 49. Qd7 Qf2 50. Qxg7+ Kf4 51. Qxf6+ 1-0

[Event "Nicolo La Rosa op 18th"]
[Site "Mazara del Vallo"]
[Date "2010.08.19"]
[Round "3"]
[White "Puleo, Diego"]
[Black "Campo, Renato"]
[Result "1/2-1/2"]
[WhiteElo "1938"]
[BlackElo "2002"]
[PlyCount "83"]
[EventDate "2010.08.18"]
[EventType "swiss"]
[EventRounds "9"]
[EventCountry "ITA"]
[SourceTitle "EXT 2024"]
[Source "ChessBase"]
[SourceDate "2023.10.10"]
[SourceVersion "1"]
[SourceVersionDate "2023.10.10"]
[SourceQuality "1"]

1. Nf3 Nf6 2. d4 d5 3. g3 c6 4. Bg2 Bg4 5. c4 e6 6. 0-0 Nbd7 7. Nbd2 Bd6 8. Re1 0-0 9. Qc2 Re8 10. e4 dxe4 11. Nxe4 Nxe4 12. Qxe4 Bf5 13. Qe2 h6 14. c5 Bc7 15. Nh4 Bh7 16. b4 a6 17. Bb2 Nf6 18. a4 Nd5 19. Qc4 Nf4 20. Rad1 Nxg2 21. Nxg2 Bg6 22. Qc3 Qf6 23. Qb3 Qg5 24. Qc3 Bh5 25. f4 Qf6 26. Rd2 Rad8 27. Ne3 Bf3 28. Rf2 Bd5 29. f5 exf5 30. Nxf5 Qg5 31. Bc1 Qh5 32. Bf4 Bxf4 33. Rxf4 Re2 34. Ne7+ Kh8 35. Rxe2 Qxe2 36. Nxd5 Rxd5 37. Rxf7 Qd1+ 38. Kg2 Qe2+ 39. Kg1 Qd1+ 40. Kg2 Qe2+ 41. Kg1 Qd1+ 42. Kg2 1/2-1/2

[Event "Trapani Province-ch"]
[Site "Erice"]
[Date "2010.01.24"]
[Round "3"]
[White "Campo, Renato"]
[Black "Melograni, Francesco"]
[Result "0-1"]
[WhiteElo "2010"]
[BlackElo "1832"]
[PlyCount "60"]
[EventDate "2010.01.10"]
[EventType "swiss"]
[EventRounds "6"]
[EventCountry "ITA"]
[SourceTitle "EXT 2024"]
[Source "ChessBase"]
[SourceDate "2023.10.10"]
[SourceVersion "1"]
[SourceVersionDate "2023.10.10"]
[SourceQuality "1"]

1. e4 e5 2. Nc3 Bc5 3. Bc4 c6 4. Nf3 d6 5. 0-0 Be6 6. Bxe6 fxe6 7. d4 exd4 8. Nxd4 Qe7 9. Na4 Bxd4 10. Qxd4 c5 11. Qd3 Nc6 12. f4 0-0-0 13. Bd2 Nf6 14. b4 cxb4 15. c3 d5 16. e5 Ne4 17. Be3 Nxc3 18. Bc5 Qc7 19. Nxc3 bxc3 20. Qxc3 Qa5 21. Qc2 Kb8 22. Rab1 Rc8 23. Bd6+ Ka8 24. Qb2 Qa6 25. f5 exf5 26. Rxf5 b6 27. Rf7 Rhg8 28. Qb3 Qc4 29. Qb2 d4 30. Rc1 Qxf7 0-1

[Event "Nicolo La Rosa op 17th"]
[Site "Mazara del Vallo"]
[Date "2009.08.07"]
[Round "2"]
[White "Campo, Renato"]
[Black "Savalla, Salvatore"]
[Result "0-1"]
[WhiteElo "2018"]
[BlackElo "1724"]
[PlyCount "76"]
[EventDate "2009.08.07"]
[EventType "swiss"]
[EventRounds "6"]
[EventCountry "ITA"]
[SourceTitle "EXT 2011"]
[Source "ChessBase"]
[SourceDate "2010.11.26"]
[SourceVersion "1"]
[SourceVersionDate "2010.11.26"]
[SourceQuality "1"]

1. e4 e5 2. Nf3 Nf6 3. Nc3 Nc6 4. g3 d6 5. Bg2 Be7 6. 0-0 0-0 7. h3 h6 8. d3 Be6 9. Nh4 Qd7 10. Kh2 Nd4 11. Ne2 c5 12. f4 Nxe2 13. Qxe2 Qc8 14. fxe5 dxe5 15. Nf5 Bxf5 16. Rxf5 Qe6 17. Bd2 Nh7 18. h4 Rad8 19. Bc3 Bd6 20. Bh3 Qe7 21. Raf1 f6 22. Qg4 Kh8 23. R5f2 b6 24. Qf3 Rf7 25. Bf5 Nf8 26. Qh5 Rb8 27. g4 Qe8 28. g5 Rc7 29. Qf3 Be7 30. gxh6 g6 31. Bh3 Nh7 32. Rg2 Nf8 33. Rfg1 Kh7 34. h5 g5 35. Qf5+ Kxh6 36. Bxe5 fxe5 37. Rxg5 Rc6 38. Qxe5 Bd6 0-1

[Event "Sicilia Regional-ch"]
[Site "Erice"]
[Date "2009.05.31"]
[Round "3"]
[White "Bentivegna, Francesco"]
[Black "Campo, Renato"]
[Result "1-0"]
[WhiteElo "2326"]
[BlackElo "2008"]
[PlyCount "65"]
[EventDate "2009.05.30"]
[EventType "swiss"]
[EventRounds "7"]
[EventCountry "ITA"]
[SourceTitle "EXT 2011"]
[Source "ChessBase"]
[SourceDate "2010.11.26"]
[SourceVersion "1"]
[SourceVersionDate "2010.11.26"]
[SourceQuality "1"]

1. e4 e6 2. d3 d5 3. Nd2 c5 4. Ngf3 Nc6 5. g3 Bd6 6. Bg2 Nge7 7. 0-0 0-0 8. Nh4 b5 9. f4 f6 10. Kh1 Rb8 11. Ndf3 dxe4 12. dxe4 e5 13. f5 b4 14. g4 Ba6 15. g5 Bc7 16. Bd2 Nd4 17. Rg1 Ne2 18. Bf1 Nxg1 19. Bxa6 Nh3 20. Bc4+ Kh8 21. Qe1 Nf4 22. Qg3 Qe8 23. Rg1 g6 24. gxf6 Rxf6 25. Bxf4 exf4 26. Qg5 Qf8 27. e5 Rxf5 28. Nxf5 Nxf5 29. Qxf4 Rc8 30. Re1 Qe7 31. Ng5 Kg7 32. Ne6+ Kh8 33. Qf2 1-0

[Event "Palermo op"]
[Site "Palermo"]
[Date "2004.11.02"]
[Round "8"]
[White "Ferrante, Marco"]
[Black "Campo, Renato"]
[Result "1-0"]
[WhiteElo "2095"]
[BlackElo "2121"]
[PlyCount "55"]
[EventDate "2004.10.29"]
[EventType "swiss"]
[EventRounds "9"]
[EventCountry "ITA"]
[SourceTitle "EXT 2007"]
[Source "ChessBase"]
[SourceDate "2006.11.23"]
[SourceVersion "1"]
[SourceVersionDate "2006.11.23"]
[SourceQuality "1"]

1. e4 e6 2. d4 d5 3. exd5 exd5 4. Bd3 Bd6 5. Ne2 Nf6 6. c3 0-0 7. Bg5 Re8 8. Nd2 c6 9. Qc2 Bg4 10. f3 Bh5 11. Bxh7+ Kh8 12. Bd3 Nbd7 13. 0-0-0 Qa5 14. Kb1 c5 15. Rde1 cxd4 16. Nxd4 Nc5 17. N2b3 Qa4 18. Bb5 Bg6 19. Bxa4 Bxc2+ 20. Kxc2 Nxa4 21. Bxf6 gxf6 22. Nf5 Bc7 23. Nbd4 Nc5 24. Nb5 Be5 25. Nbd6 Rf8 26. Rd1 Rad8 27. Rxd5 Ne6 28. Rhd1 1-0

[Event "Palermo op"]
[Site "Palermo"]
[Date "2004.11.01"]
[Round "7"]
[White "Campo, Renato"]
[Black "Verga, Domenico"]
[Result "1-0"]
[WhiteElo "2121"]
[BlackElo "1878"]
[PlyCount "53"]
[EventDate "2004.10.29"]
[EventType "swiss"]
[EventRounds "9"]
[EventCountry "ITA"]
[SourceTitle "EXT 2007"]
[Source "ChessBase"]
[SourceDate "2006.11.23"]
[SourceVersion "1"]
[SourceVersionDate "2006.11.23"]
[SourceQuality "1"]

1. c3 d5 2. d4 c6 3. Nf3 Bf5 4. g3 Nf6 5. Bg2 h6 6. Nbd2 e6 7. 0-0 Bd6 8. Re1 Nbd7 9. Nh4 Bh7 10. e4 dxe4 11. Nxe4 Nxe4 12. Bxe4 Bxe4 13. Rxe4 Nf6 14. Re1 0-0 15. Nf3 Qb6 16. Ne5 Qc7 17. Qf3 c5 18. Bxh6 cxd4 19. cxd4 Nd5 20. Bxg7 f6 21. Bxf8 Kxf8 22. Ng6+ Kg7 23. Qg4 f5 24. Qg5 Kf7 25. Qh5 Kf6 26. Qh6 Kf7 27. Nh8+ 1-0

[Event "Palermo op"]
[Site "Palermo"]
[Date "2004.10.30"]
[Round "3"]
[White "Campo, Renato"]
[Black "Ferrante, Francesco"]
[Result "1/2-1/2"]
[WhiteElo "2121"]
[BlackElo "2092"]
[PlyCount "104"]
[EventDate "2004.10.29"]
[EventType "swiss"]
[EventRounds "9"]
[EventCountry "ITA"]
[SourceTitle "EXT 2007"]
[Source "ChessBase"]
[SourceDate "2006.11.23"]
[SourceVersion "1"]
[SourceVersionDate "2006.11.23"]
[SourceQuality "1"]

1. d4 Nf6 2. Nf3 g6 3. Bf4 Bg7 4. c3 d6 5. Nbd2 Nbd7 6. h3 0-0 7. e4 Re8 8. Bc4 e5 9. dxe5 Nxe5 10. Bxe5 dxe5 11. Ng5 Rf8 12. Qb3 Qe7 13. 0-0 h6 14. Ngf3 Nd7 15. Qc2 Nb6 16. Bb3 Be6 17. a4 Rae8 18. Bxe6 Qxe6 19. a5 Nc8 20. Qb3 Qxb3 21. Nxb3 Nd6 22. Nc5 Re7 23. Rfe1 a6 24. Ra4 Rd8 25. Nd2 Bf8 26. Nc4 Nxc4 27. Rxc4 c6 28. Kf1 Rc7 29. Ke2 Bxc5 30. Rxc5 Rcd7 31. Kf3 Rd3+ 32. Re3 Rd2 33. Rxe5 Rxb2 34. Kg3 Kf8 35. h4 h5 36. Rf3 Rb5 37. Kf4 Rd2 38. c4 Rbb2 39. Kg3 Rdc2 40. Re6 Rxf2 41. Rxf2 Rxf2 42. Rxg6 Rc2 43. Rg5 Rxc4 44. Kf4 f6 45. Rxh5 Kg7 46. g4 Kg6 47. Rh8 Rc5 48. Rg8+ Kf7 49. Rb8 Rb5 50. g5 Kg6 51. Rg8+ Kf7 52. Rb8 Kg6 1/2-1/2

[Event "Porto San Giorgio op 15th"]
[Site "Porto San Giorgo"]
[Date "2003.08.29"]
[Round "9"]
[White "Mrdja, Milan"]
[Black "Campo, Renato"]
[Result "1-0"]
[WhiteElo "2384"]
[BlackElo "2142"]
[PlyCount "65"]
[EventDate "2003.08.21"]
[EventType "swiss"]
[EventRounds "9"]
[EventCountry "ITA"]
[SourceTitle "CBM 095 Extra"]
[Source "ChessBase"]
[SourceDate "2003.09.04"]
[SourceVersion "1"]
[SourceVersionDate "2003.09.04"]
[SourceQuality "1"]

1. e4 e6 2. d4 d5 3. Nc3 Nf6 4. Bg5 Bb4 5. e5 h6 6. Bd2 Bxc3 7. bxc3 Ne4 8. Qg4 Kf8 9. h4 Nxd2 10. Kxd2 c5 11. Rh3 Nc6 12. Rg3 Rg8 13. Bd3 Ne7 14. Bh7 Nf5 15. Bxg8 Nxg3 16. fxg3 Kxg8 17. dxc5 Qa5 18. Qb4 Qc7 19. Nf3 Bd7 20. Rb1 Bc6 21. Re1 Rc8 22. Nd4 Bd7 23. Nb3 f6 24. exf6 gxf6 25. Qf4 Qxf4+ 26. gxf4 Kf7 27. Re3 b6 28. cxb6 axb6 29. g3 Ra8 30. Nd4 Rxa2 31. Re1 Rb2 32. Ra1 e5 33. Kc1 1-0